000 01088nam a22003137a 4500
003 CHAP
005 20220817041618.0
008 971013s1982 r 00010 d
010 _a19709
011 _a20681
035 _a24769
040 _cCHAP
082 _a338.972
_bA5
100 0 0 _aAnda Gutierrez, Cuauhtemoc.
_95534
245 _aIntroducción a los problemas socioeconómicos de México
260 _aMéxico, D.F., :
_bSecretaría de Educación Pública,
_c1982
300 _a309 p.
_b: ilus
490 _aProblemas socioeconómicos de México. Texto
_v; 1
590 _aBATCH-UPD
_b10
_c20130110
_lUCH01
_h1132
590 _aBATCH-UPD
_b10
_c20130410
_lUCH01
_h0720
590 _aBATCH-UPD
_b10
_c20130914
_lUCH01
_h1823
590 _aCONVERSION
_b10
_c20130109
_lUCH01
_h1312
650 1 4 _aMéxico
_xCondiciones económicas.
650 1 4 _aMéxico
_xCondiciones sociales.
_976730
830 0 _aProblemas socioeconómicos de México. Texto
_v; 1
_991707
901 _aBK
942 _cLIBRO
949 _a338.972 A5
_bBC
_cLIBRO
_d33724000386462
_eLIBRO
_h66181
_i24769
_mDr. Méndez
_si
999 _c19709
_d19709